<?xml version="1.0" encoding="UTF-8"?>
<record
    xmlns:xsi="http://www.w3.org/2001/XMLSchema-instance"
    xsi:schemaLocation="http://www.loc.gov/MARC21/slim http://www.loc.gov/standards/marcxml/schema/MARC21slim.xsd"
    xmlns="http://www.loc.gov/MARC21/slim">

  <leader>00934nam a22002177a 4500</leader>
  <controlfield tag="005">20120512141345.0</controlfield>
  <datafield tag="010" ind1=" " ind2=" ">
    <subfield code="a"> </subfield>
  </datafield>
  <datafield tag="020" ind1=" " ind2=" ">
    <subfield code="a"> </subfield>
    <subfield code="c"> </subfield>
  </datafield>
  <datafield tag="035" ind1=" " ind2=" ">
    <subfield code="a">A-160663</subfield>
  </datafield>
  <datafield tag="037" ind1=" " ind2=" ">
    <subfield code="b"> PUB</subfield>
  </datafield>
  <datafield tag="082" ind1=" " ind2=" ">
    <subfield code="a">423.8</subfield>
  </datafield>
  <datafield tag="100" ind1=" " ind2=" ">
    <subfield code="a"> </subfield>
    <subfield code="9">46983</subfield>
  </datafield>
  <datafield tag="245" ind1=" " ind2=" ">
    <subfield code="a">&#x92C;&#x943;&#x939;&#x924;&#x94D; &#x92A;&#x93E;&#x930;&#x93F;&#x92D;&#x93E;&#x937;&#x93F;&#x915; &#x936;&#x92C;&#x94D;&#x926;-&#x938;&#x902;&#x917;&#x94D;&#x930;&#x939;- &#x935;&#x93F;&#x91C;&#x94D;&#x91E;&#x93E;&#x928;- (&#x939;&#x93F;&#x928;&#x94D;&#x926;&#x940;-&#x905;&#x902;&#x917;&#x94D;&#x930;&#x947;&#x91C;&#x940;) /</subfield>
    <subfield code="c"> </subfield>
  </datafield>
  <datafield tag="260" ind1=" " ind2=" ">
    <subfield code="a">&#x928;&#x908; &#x926;&#x93F;&#x932;&#x94D;&#x932;&#x940;</subfield>
    <subfield code="b">&#x915;&#x947;&#x928;&#x94D;&#x926;&#x94D;&#x930;&#x940;&#x92F; &#x939;&#x93F;&#x928;&#x94D;&#x926;&#x940; &#x928;&#x93F;&#x926;&#x947;&#x936;&#x93E;&#x932;&#x92F;</subfield>
    <subfield code="c">1980</subfield>
  </datafield>
  <datafield tag="270" ind1=" " ind2=" ">
    <subfield code="a"> </subfield>
    <subfield code="b"> </subfield>
    <subfield code="e"> </subfield>
    <subfield code="k"> </subfield>
  </datafield>
  <datafield tag="300" ind1=" " ind2=" ">
    <subfield code="a">819&#x92A;&#x943;</subfield>
    <subfield code="c">22&#x938;&#x947;&#x92E;&#x940; (&#x938;&#x91C;&#x93F;&#x932;&#x94D;&#x926;)</subfield>
  </datafield>
  <datafield tag="650" ind1=" " ind2=" ">
    <subfield code="a">&#x939;&#x93F;&#x928;&#x94D;&#x926;&#x940; &#x92D;&#x93E;&#x937;&#x93E;</subfield>
    <subfield code="x">&#x935;&#x94D;&#x92F;&#x93E;&#x915;&#x930;&#x923;</subfield>
    <subfield code="9">46984</subfield>
  </datafield>
  <datafield tag="700" ind1=" " ind2=" ">
    <subfield code="a">&#x915;&#x94C;&#x936;&#x93F;&#x915;, &#x913;&#x92E;&#x92A;&#x94D;&#x930;&#x915;&#x93E;&#x936;</subfield>
    <subfield code="9">45986</subfield>
  </datafield>
  <datafield tag="942" ind1=" " ind2=" ">
    <subfield code="2">ddc</subfield>
    <subfield code="c">HN</subfield>
    <subfield code="m">&#x92C;&#x943;&#x939;&#x924;</subfield>
    <subfield code="h">423.8</subfield>
  </datafield>
  <datafield tag="999" ind1=" " ind2=" ">
    <subfield code="c">66536</subfield>
    <subfield code="d">66536</subfield>
  </datafield>
  <datafield tag="952" ind1=" " ind2=" ">
    <subfield code="0">0</subfield>
    <subfield code="1">0</subfield>
    <subfield code="4">0</subfield>
    <subfield code="7">0</subfield>
    <subfield code="8">NFIC</subfield>
    <subfield code="a">ZLS</subfield>
    <subfield code="b">ZLS</subfield>
    <subfield code="d">2012-05-12</subfield>
    <subfield code="l">0</subfield>
    <subfield code="o">423.8 &#x92C;&#x943;&#x939;&#x924;</subfield>
    <subfield code="p">A-160663</subfield>
    <subfield code="r">2012-05-12 00:00:00</subfield>
    <subfield code="w">2012-05-12</subfield>
    <subfield code="y">HN</subfield>
    <subfield code="z">Withdrawn List Prepared L.No.42/1</subfield>
  </datafield>
</record>
